000 00534nam a2200193Ia 4500
008 151121s9999||||xx |||||||||||||| ||und||
082 _a303।482 /Pan
082 _bHNW-60628
100 _aPanikkar K। M।
245 _aEssential features of Indian culture
260 _b"Bharatiya Vidya Bhavan,"
260 _c--
300 _a60
600 _aPanikkar K। M।
630 _aEssential features of Indian culture
700 _aPanikkar K। M।
730 _aEssential features of Indian culture
942 _cBOOK
999 _c1242177
_d1242174